Random IPA Symbols - Consonants - Statistics

General Stats
  • This quiz has been taken 105 times
    75 since last reset
  • The average score is 9 of 20
Answer Stats
IPA Symbol Full Name % Correct
ɾ voiced alveolar flap
100%
z voiced alveolar fricative
100%
b voiced bilabial plosive
100%
v voiced labiodental fricative
100%
j voiced palatal approximant
100%
s voiceless alveolar fricative
100%
t voiceless alveolar plosive
86%
ʐ voiced retroflex fricative
83%
ʙ voiced bilabial trill
82%
β voiced bilabial fricative
80%
p voiceless bilabial plosive
80%
ʈ voiceless retroflex plosive
78%
m voiced bilabial nasal
75%
w voiced labial-velar approximant
75%
k voiceless velar plosive
75%
ɭ voiced retroflex lateral approximant
71%
ɸ voiceless bilabial fricative
71%
ʘ bilabial click
67%
ɮ voiced alveolar lateral fricative
67%
ɴ voiced uvular nasal
67%
g voiced velar plosive
67%
ħ voiceless pharyngeal fricative
67%
x voiceless velar fricative
67%
n voiced alveolar nasal
63%
ɗ voiced alveolar implosive
60%
ɖ voiced retroflex plosive
60%
ŋ voiced velar nasal
60%
c voiceless palatal plosive
60%
ð voiced dental fricative
57%
ɱ voiced labiodental nasal
57%
ʔ voiceless glottal plosive
57%
f voiceless labiodental fricative
57%
ǀ dental click
50%
d voiced alveolar plosive
50%
ɦ voiced glottal fricative
50%
ʝ voiced palatal fricative
50%
ʀ voiced uvular trill
50%
ɰ voiced velar approximant
50%
θ voiceless dental fricative
50%
ç voiceless palatal fricative
50%
χ voiceless uvular fricative
50%
q voiceless uvular plosive
47%
ɟ voiced palatal plosive
43%
ɠ voiced velar implosive
43%
ʋ voiced labiodental approximant
40%
ʕ voiced pharyngeal fricative
40%
ɕ voiceless alveolo-palatal fricative
40%
h voiceless glottal fricative
40%
ʛ voiced uvular implosive
38%
ɢ voiced uvular plosive
38%
ɓ voiced bilabial implosive
33%
ʢ voiced epiglottal fricative
33%
ɬ voiceless alveolar lateral fricative
33%
ɹ voiced alveolar approximant
29%
ɻ voiced retroflex approximant
27%
ǂ palatoalveolar click
25%
ǃ (post)alveolar click
25%
r voiced alveolar trill
25%
voiced labiodental flap
25%
ʎ voiced palatal lateral approximant
25%
ʂ voiceless retroflex fricative
25%
ʁ voiced uvular fricative
20%
ɣ voiced velar fricative
20%
ʜ voiceless epiglottal fricative
20%
ʑ voiced alveolo-palatal fricative
17%
ɥ voiced labial-palatal approximant
17%
l voiced alveolar lateral approximant
14%
ʟ voiced velar lateral approximant
14%
ǁ alveolar lateral click
13%
ɽ voiced retroflex flap
10%
ʡ epiglottal plosive
0%
ɺ voiced alveolar lateral flap
0%
ʄ voiced palatal implosive
0%
ɲ voiced palatal nasal
0%
ɳ voiced retroflex nasal
0%
ʒ voiceled palato-alveolar fricative
0%
ʍ voiceless labial-velar fricative
0%
ʃ voiceless palato-alveolar fricative
0%
No matching quizzes found
Score Distribution
Percent of People with Each Score
Percentile by Number Answered
Your Score History
You have not taken this quiz since the last reset